000 00725 a2200217 4500
005 2008090507087.0
008 080905t xxu||||| |||| 00| p eng d
010 _aENG-87572
020 _a8181574389
_c100.00
035 _aEN-71105
037 _bDBAD / PUB
082 _a881
100 _aBaral, S.
245 _aNative connections
_cby S. Baral
260 _aCalcutta
_bWriters Workshop
_c2005
270 _a162/92, Lake Gardens,
_bCalcutta
_e700 045
300 _a96p.
_c22 cm (Hb)
490 _aWriters workshop redbird book
942 _adpl
_cEN
_k881 / BAR
_2ddc
_h881
_mBAR
999 _c6676
_d6676